000 01696cam a22004694i 4500
003 PE-LiUPU
005 20250731173343.0
008 150706s r 000 0 d
020 _a8482673521
035 _a(Sirsi) i9788482673523
040 _aPE-LiUPU
_bspa
_cPE-LiUPU
_erda
049 _aPRUA
082 0 4 _a232
_bB26
_221
100 1 _aBauckham, Richard,
_eautor.
245 1 0 _aDios crucificado :
_bmonoteísmo y cristología en el Nuevo Testamento /
_cRichard Bauckham.
264 1 _aBarcelona :
_bCLIE,
_c2003.
300 _a80 páginas ;
_c23 centímetros
336 _atext
_2rdacontent
337 _aunmediated
_2rdamedia
338 _avolume
_2rdacarrier
490 0 _aEstudios Teológicos. Colección Teologica Contemporánea
505 0 _aComprendiendo el Monoteísmo judío primitivo -- Monoteísmo cristológico en el Nuevo Testamento -- Dios crucificado: la identidad divina revelada en Jesús.
526 _aSEG42
526 _aSEG41
526 _aSEG40
526 _aSEG39
526 _aP94
526 _aP87
526 _aP86
526 _aP85
526 _aP77
526 _aP76
526 _aP35
541 _g007-0020318;
650 0 4 _aCristología.
910 _agl
_bjv
_clch
_d20091009
942 _2ddc
_cBOOK
949 _a232 B26
_wDEWEY
_c1
_i60374
_lCCODEBUL1
_mBUL
_p11.00
_r0
_sY
_tBOOK
_u2015-7-6
_xTEOLOGIA
_zUNKNOWN
_0COMPRA
_o.STAFF. Colección General
994 _aC0
_bPEPRU
596 _a1
999 _a232 B26
_wDEWEY
_c49829
_i60374
_f2021-11-9
_g5
_lCCODEBUL1
_mBUL
_p11.00
_r0
_sY
_tBOOK
_u2015-7-6
_xTEOLOGIA
_zUNKNOWN
_0COMPRA
_o.STAFF. Colección General
_d49829
980 _81
_gALBERTO SANCHEZ Responsable de Automatización